01155nam a2200313 i 450000500170000000700030001700800410002002000150006104000350007604100080011108200140011924501030013325000220023626400270025830000400028533600270032533700330035233800280038549000230041350001160043665000520055265100430060465100490064770000390069670000390073570000400077494200120081499900150082620220317000739.0ta160601s2004 sp a gr 000 0 spa d a8420657239 aCO-BoRNBPbspacCO-BoRNBPerda0 aspa04a940 bB7210aBreve historia de EuropacJean Carpentier y Francois Lebrun directores ; traductor Mauro Armiño aPrimera edición 1aMadrid bAlianzac2004 a754 páginasbilustracionesc17 cm atextobtxt2rdacontent asin mediaciónbn2rdamedia avolumenbnc2rdacarrier0 aLibro de bolsillo  aIncluye mapas, cronología, dinastías europeas, cuadros estadísticos, glosario, bibliografía e índices17aGuerra xHistoria yHasta 1991 zEuropa 2LEMB 4aEuropa xHistoria yHasta 19919174823 4aEuropa xCivilización yHasta 199191748241 aCarpentier, Jeanedirector 9173901 aLebrun Francoisedirector 91003151 aArmiño, Mauroetraductor 9174825 2ddccBK c4946d4946